A Collegium Hungaricum Szövetség gratuláló levele Szent-Györgyi Alberthez. [...] Mihály festőművész, elnök aláírásával

Elmentve itt :
Bibliográfiai részletek
Dokumentumtípus: Kézirat
Megjelent: 1937-11-05
Kulcsszavak:Levelezés - Collegium Hungaricum Szövetség elnöke - Szent-Györgyi Albert, Nobel-díj - 1937
Online Access:http://misc.bibl.u-szeged.hu/47733
LEADER 00689ntm a2200157 i 4500
001 misc47733
005 20241128170536.0
008 210111s1937 hu o 000 hun d
040 |a SZTE Miscellanea Repozitórium  |b hun 
041 |a hun 
245 0 2 |a A Collegium Hungaricum Szövetség gratuláló levele Szent-Györgyi Alberthez. [...] Mihály festőművész, elnök aláírásával  |h [elektronikus dokumentum] 
260 |c 1937-11-05 
300 |a 2 fol. 
561 |a Szent-Györgyi Albert gratuláló levelek 
695 |a Levelezés - Collegium Hungaricum Szövetség elnöke - Szent-Györgyi Albert, Nobel-díj - 1937 
856 4 0 |u http://misc.bibl.u-szeged.hu/47733/1/1937_4_087.pdf  |z Dokumentum-elérés